Statistics for NBA 2k16 Signature Moves / MyPark knowledge

Click here to take the quiz!

General Stats

  • This quiz has been taken 206 times
  • The average score is 5 of 9

Answer Stats

Desription Answer % Correct
Hop Jumper everyone usedStephen Curry/Normal 3
86%
What is the highest rep you can achieve?Legend 5
67%
What pet do you unlock at the highest rep?Tiger
66%
The jump shot everyone used :/LaMarcus Aldridge
64%
Size-Up that broke ankles 99% of the timeJamal Crawford
61%
Hesitation everyone usesHesitation 3
61%
Cheesy Size-Up Escape that you speed boost off ofKobe Bryant
49%
Crossover that gave centers a speed boostCrossover 11
37%
Park dunk package you unlock at Legend 1 RepSkywalker
16%

Score Distribution

Percentile by Number Answered

Percent of People with Each Score

Your Score History

You have not taken this quiz